Lancaster and York ; a century of English history (A.D. 1399-1485) /

Bibliographic Details
Main Author: Ramsay, James H. (James Henry), Sir, 1832-1925
Format: Book
Language:English
Published: Oxford : Clarendon press, 1892.
Subjects:

MARC

Tag First Indicator Second Indicator Subfields
LEADER 00000cam a2200000 4500
001 in00000712290
005 20151016054934.0
008 750418s1892 enkabce b 00010 eng u
010 |a  02018572  
035 |a (OCoLC)01285888 
035 |9 ADC5785AM 
040 |c IVD  |d TXA  |d UtOrBLW 
049 |a TXAM  |v 1 [239299]  |v 2 [239300] 
050 0 0 |a DA245  |b .R183 
092 |a 942.04  |b R183 
100 1 |a Ramsay, James H.  |q (James Henry),  |c Sir,  |d 1832-1925. 
245 1 0 |a Lancaster and York ;  |b a century of English history (A.D. 1399-1485) /  |c by Sir James H. Ramsay of Bamff, bart. ...with maps and illustrations... 
264 1 |a Oxford :  |b Clarendon press,  |c 1892. 
300 |a 2 volumes :  |b frontispiece, illustrations, portraits, maps (part folded) plans (part folded) folded genealogical tables. ;  |c 23 cm. 
336 |a text  |b txt  |2 rdacontent 
337 |a unmediated  |b n  |2 rdamedia 
338 |a volume  |b nc  |2 rdacarrier 
504 |a "List of authorities": volume 1, pages [xi]-xix; volume 2, pages [v]-xii. 
651 0 |a Great Britain  |x History  |y Lancaster and York, 1399-1485. 
999 |a MARS 
999 f f |s d8641db1-7027-3250-ac6d-bb038c070a0f  |i aea82932-c524-328c-966e-72875564122b  |t 0 
952 f f |p ric  |a Texas A&M University  |b Rellis Campus  |c Joint Library Facility  |d Remote Storage  |t 0  |e DA245 .R183  |h Library of Congress classification  |i unmediated -- volume  |k v.2  |m A14801477605 
952 f f |p ric  |a Texas A&M University  |b Rellis Campus  |c Joint Library Facility  |d Remote Storage  |t 0  |e DA245 .R183  |h Library of Congress classification  |i unmediated -- volume  |k v.1  |m A14801477590 
998 f f |a DA245 .R183  |s v.1-v.2  |t 0  |l Remote Storage